El poco excepcional modelo escandinavo: cultura, mercado y el fracaso de la tercera vía
Saved in:
| Hovedforfatter: | |
|---|---|
| Format: | Bog |
| Sprog: | spansk |
| Udgivet: |
Madrid
Unión Editorrial
2016
|
| Udgivelse: | 1a. ed |
| Fag: | |
| Tags: |
Tilføj Tag
Ingen Tags, Vær først til at tagge denne postø!
|
MARC
| LEADER | 00000cam a2200000 a 4500 | ||
|---|---|---|---|
| 001 | UCC2781 | ||
| 003 | CL-VaPUC | ||
| 008 | 180323e20160000sp |||||||||||||||||spa|d | ||
| 020 | |a 9788472096745 | ||
| 082 | 0 | 4 | |a 335.50948 |b SAN |2 21 |
| 100 | 0 | |a Sanandaji, Nima |e author |9 596799 | |
| 245 | 1 | 3 | |a El poco excepcional modelo escandinavo: cultura, mercado y el fracaso de la tercera vía |
| 250 | |a 1a. ed | ||
| 300 | |a 187 p | ||
| 942 | |c BK | ||
| 945 | |d 20180323 15:33:00 |a dcastane | ||
| 260 | |a Madrid |b Unión Editorrial |c 2016 | ||
| 650 | 0 | |a Socialismo |9 255260 | |
| 650 | 0 | |a Grupos sociales |9 268887 | |
| 650 | 7 | |a ESCANDINAVIA |2 CL-VaPUC |9 439286 | |
| 650 | 0 | |a Economía política |9 255814 | |
| 583 | |a last modification |c 20180323 15:33:00 |k Rodrigo Vera | ||
| 999 | |c 370734 |d 370732 | ||
| 952 | |0 0 |1 0 |3 erb |4 0 |6 335_509480000000000_SAN_2016 |7 0 |8 A |9 487337 |a BIBENE |b BIBENE |i 5458447 |o 335.50948 SAN 2016 |p 5458447 |r 2025-01-15 |w 2019-11-24 |y BK |z Catalogado en:20180323 |k ICO | ||